Song Titles: Fill In The Missing Word - Food - Statistics

General Stats
  • This quiz has been taken 144 times
  • The average score is 6 of 20
Answer Stats
Artist Answer % Correct
Jazz/Pop standard (1928) You're The {Cream} In My Coffee
65%
R.E.M. {Orange} Crush
60%
Peters Sellers & Sophia Loren Bangers and {Mash}
56%
Beatles Glass {Onion}
56%
Weezer Pork and {Beans}
50%
Technotronic Pump Up The {Jam}
48%
Louis Jordan Saturday Night {Fish} Fry
42%
US folk song/Viscounts Shortnin' {Bread}
42%
Genesis The {Lamb} Lies Down On Broadway
39%
Roger Miller Little Green {Apples}
27%
Trini Lopez/The Seekers {Lemon} Tree
26%
Cars {Candy}-O
17%
The Move {Blackberry} Way
16%
Tori Amos {Cornflake} Girl
15%
Shanks & Bigfoot Sweet Like {Chocolate}
12%
Monty Python {Spam} Song
11%
Herbie Hancock {Watermelon} Man
8%
Nirvana Big {Cheese}
4%
Leroy Pullins I'm A {Nut}
4%
Pluto Shervington Ram Goat {Liver}
2%
No matching quizzes found
Score Distribution
Percent of People with Each Score
Percentile by Number Answered
Your Score History
You have not taken this quiz